Statistiques concernant Pokemon - Les Pokemon de la 5G

Cliquez ici pour prendre le quiz!

Statistiques générales

  • Ce quiz a été pris 253 fois
  • Le résultat moyen est 119 sur 156

Statistiques - réponses

NuméroNom% Correct
#495Vipélierre
99%
#498Gruikui
98%
#501Moustillon
98%
#503Clamiral
97%
#499Grotichon
97%
#497Majaspic
96%
#500Roitiflam
96%
#494Victini
96%
#496Lianaja
95%
#502Mateloutre
95%
#643Reshiram
95%
#646Kyurem
94%
#644Zekrom
94%
#519Poichigeon
93%
#521Déflaisan
91%
#511Feuillajou
91%
#513Flamajou
91%
#515Flotajou
91%
#516Flotoutan
90%
#505Miradar
90%
#507Ponchien
90%
#506Ponchiot
90%
#504Ratentif
90%
#639Terrakium
90%
#640Viridium
90%
#638Cobaltium
89%
#514Flamoutan
89%
#647Keldeo
88%
#508Mastouffe
88%
#517Munna
88%
#641Boréas
87%
#642Fulguris
87%
#553Crocorible
86%
#512Feuiloutan
86%
#551Mascaïman
86%
#518Mushana
86%
#520Colombeau
85%
#645Démétéros
85%
#552Escroco
85%
#649Genesect
85%
#510Léopardus
85%
#523Zeblitz
85%
#509Chacripan
84%
#526Gigalithe
84%
#542Manternel
84%
#524Nodulithe
84%
#522Zébibron
84%
#610Coupenotte
83%
#607Funécire
83%
#530Minotaupe
83%
#633Solochi
83%
#612Tranchodon
83%
#534Bétochef
82%
#532Charpenti
82%
#541Couverdure
82%
#648Meloetta
82%
#529Rototaupe
82%
#535Tritonde
81%
#536Batracné
80%
#537Crapustule
80%
#555Darumacho
80%
#634Diamat
80%
#525Géolithe
80%
#538Judokrak
80%
#609Lugulabre
80%
#533Ouvrifier
80%
#635Trioxhydre
80%
#554Darumarond
79%
#587Emolga
79%
#611Incisache
79%
#540Larveyette
79%
#614Polagriffe
79%
#613Polarhume
79%
#621Drakkarmin
77%
#615Hexagel
77%
#539Karaclée
77%
#544Scobolide
77%
#543Venipatte
77%
#637Pyrax
76%
#562Tutafeh
76%
#563Tutankafer
76%
#600Clic
75%
#636Pyronille
74%
#599Tic
74%
#570Zorua
74%
#527Chovsourir
73%
#601Cliticlic
73%
#580Couaneton
73%
#578Méios
73%
#531Nanméouïe
73%
#528Rhinolove
73%
#579Symbios
73%
#585Vivaldaim
73%
#571Zoroark
73%
#545Brutapode
72%
#581Lakmécygne
72%
#577Nucléos
72%
#602Anchwatt
71%
#608Mélancolux
71%
#625Scalproie
71%
#574Scrutella
71%
#576Sidérella
71%
#632Fermite
70%
#586Haydaim
70%
#575Mesmérella
70%
#596Mygavolt
70%
#624Scalpion
70%
#595Statitik
70%
#628Gueriaigle
69%
#631Aflamanoir
68%
#566Arkéapti
68%
#564Carapagos
68%
#561Cryptéro
68%
#603Lampéroie
68%
#569Miasmax
68%
#604Ohmassacre
68%
#582Sorbébé
68%
#584Sorbouboul
68%
#583Sorboul
68%
#629Vostourno
68%
#550Bargantua
67%
#617Limaspeed
67%
#627Furaiglon
66%
#623Golemastoc
66%
#592Viskuse
66%
#588Carabing
65%
#557Crabicoque
65%
#616Escargaume
65%
#597Grindur
65%
#589Lançargot
65%
#618Limonde
65%
#593Moyade
65%
#630Vaututrice
65%
#567Aéroptéryx
64%
#558Crabaraque
64%
#622Gringolem
64%
#594Mamanbo
64%
#565Mégapagos
64%
#559Baggiguane
63%
#572Chinchidou
63%
#598Noacier
63%
#626Frison
62%
#619Kungfouine
62%
#556Maracachi
62%
#620Shaofouine
62%
#560Baggaïd
61%
#546Doudouvet
60%
#573Pashmilla
60%
#548Chlorobule
59%
#547Farfaduvet
57%
#549Fragilady
57%
#605Lewsor
56%
#590Trompignon
55%
#591Gaulet
54%
#606Neitram
54%
#568Miasmiasme
45%

Distribution des résultats

Percentile par nombre de réponses

% des personnes avec chaque résultat

Votre développement - résultats

Vous n’avez pas pris ce quiz